000 00367nam a2200145Ia 4500
008 230312s9999||||xx |||||||||||||| ||und||
082 _a546.014
_bZAR-I
100 _aMuhammad Zafar Iqbal
245 0 _aInorganic Chemistry
260 _bIlmi Book House
_aPakistan
_c2011
300 _a754
546 _aEng.
650 _aEngineering
_vInorganic Chemistry
942 _cBK
999 _c6431
_d6431